Normal view
MARC view
Entry Topical Term
001 - CONTROL NUMBER
- control field: 55304
003 - CONTROL NUMBER IDENTIFIER
- control field: OSt
005 - DATE AND TIME OF LATEST TRANSACTION
- control field: 20250717125211.0
008 - FIXED-LENGTH DATA ELEMENTS
- fixed length control field: 250717|| aca||aabn | a|a d
040 ## - CATALOGING SOURCE
- Original cataloging agency: OSt
- Transcribing agency: OSt
150 ## - HEADING--TOPICAL TERM
- Topical term or geographic name entry element: zero project, Sustainability transition, Decarbonization, Grand challenges, Proejects as vectors of change.
670 ## - SOURCE DATA FOUND
- Source citation: Work cat.: (OSt): Terenzi, Marco and Locatelli, Giorgio and Winch, Graham M. 55303, Projects as vectors of change: A transition toward net-zero sociotechnical systems
